Регионална библиотека "Любен Каравелов" - Русе

Музика за ІІ клас (Запис номер 109494)

MARC детайли
000 -Лидер
Контролно поле с фиксирана дължина 01724nam a2200385 a 4500
003 - Код на организацията, давaща контролен номер
Контролно поле BLK
005 - Дата и час на последна редакция
Контролно поле 20230802132934.0
008 - Елементи от данни с фиксирана дължина
fixed length control field 180409b bul|||||r ||||||| ||bul||
010 ## - Наследен системен номер
LC control number KNG00114811000
020 ## - Международен стандартен номер на книга ISBN
Международен стандартен номер на книга ISBN 954-01-1412-8
040 ## - Източник на каталожния запис
Идентификатор на билиотеката - собственик на записа BLK
041 ## - Код за език
Код за езика на текст/звукозапис или на отделно заглавие Български
Код за езика КДБФ Български
080 ## - УДК
Текстов определител УДК Методика по музика. Музика - учебни предмети
УДК код - определител по УДК 372.878
УДК определител (075.2)
УДК - код + определител 372.878(075.2)
100 1# - Редна дума - Автор
Автор Калоферова, Галунка Парашкевова
Авторска отговорност първи автор
R(LIN) 373576
139 ## - Редно поле
Редна дума Калоферова, Галунка Парашкевова и др.
Авторски знак Кало - К 18
245 10 - Сведения за заглавието
Заглавие Музика за ІІ клас
Редно поле (дума) Галунка Парашкевова Калоферова; съавт. Вяра Димитрова Сотирова; съавт. Росица Славчева Драганова.
257 ## - Страна на издаване
Страна на създаване/издаване България
260 ## - Област на издателските данни
Име на издателя, разпространителя и проч. Просвета
Година на издаване 2003
Печатница Русе : Дунав прес
Място на издаване, разпространение и проч. София
300 ## - Физическа характеристика
Страници 64 с.
Илюстрации и др. с цв. ил.
Размери/Мащаб 26 см
380 ## - Жанр
Жанр Обществени науки
500 ## - Общи забележки
Забележка Авт. не са отбелязани на кор. - Офс. изд.
650 #4 - Допълнително описание по предмет – тема
Основно описание – тема или топоним Музика - учебници за основни училища
9 (RLIN) 246578
653 ## - Ключова дума – ненормативна
Ключова дума музика
653 ## - Ключова дума – ненормативна
Ключова дума ІІ кл.
653 ## - Ключова дума – ненормативна
Ключова дума учебници за основни училища
700 1# - Други автори (авторска отговорност)
Лично име Сотирова, Вяра Димитрова
Автороска отговорност (Описва отношението между автора и произведението) съавт.
9 (RLIN) 371210
700 ## - Други автори (авторска отговорност)
Лично име Драганова, Росица Славчева
Дати, свързани с автора 1962-
9 (RLIN) 284610
852 ## - Местоположение
Форматна сигнатура Цб ІІ 12773
856 4# - Електронен адрес и достъп
Електронен формат pdf - файл
856 4# - Електронен адрес и достъп
Електронен формат pdf - файл
999 ## - СИСТЕМНИ КОНТРОЛНИ НОМЕРА
Koha biblionumber 109494
Koha biblioitemnumber 109494
942 ## - АРТИКУЛИ
Вид на библиотечния материал Книги
Скрит в OPAC Не
Периодичен библиозапис Да
944 ## - СЪЗДАВАНЕ И РЕДАКЦИЯ на ЗАПИСА
Създаване/Редакция Създаване
Дата на регистрацията/редакция 26.08.2004
Служител, извършил регистрацията/редакцията 30556
Статус, дата на статуса Теодора Пейчева-Дянкова
944 ## - СЪЗДАВАНЕ И РЕДАКЦИЯ на ЗАПИСА
Създаване/Редакция Редакция
Дата на регистрацията/редакция 28.03.2018
Служител, извършил регистрацията/редакцията Виолета_Тройчева
999 ## - СИСТЕМНИ КОНТРОЛНИ НОМЕРА
Koha biblioitemnumber 109494
Наличности
Код за отписване Код за изгубен артикул Източник на класификационната схема Код за повреда Коз за рестрикции Код за отдаване Артикулен № Име на библиотеката - собственик Име на библиотеката, в която се намира в момента Статус (Текущо местоположение) Дата на вписване в системата Местоположение - отдел Цена в лева Инвентарен номер Систематично азбучна сигнатура Баркод Номер на екземпляра Цена в евро Служебна бележка Служебен тип на артикула
  Не е изгубен Universal Decimal Classification Не е повреден само за читалня ползва се в читалня 176354 Регионална библиотека "Любен Каравелов" Русе Регионална библиотека "Любен Каравелов" Русе Хранилище 2004-08-26 Хранилище 5.50 120000687950 Цб ІІ 12773 120000687950 1 2.81 Дост: Dp Вид: Д N: 45 Дата: 29.10.2003 Книги
  Не е изгубен Universal Decimal Classification Не е повреден без рестрикции заемане за дома 176355 Регионална библиотека "Любен Каравелов" Русе Регионална библиотека "Любен Каравелов" Русе Детски отдел 2007-01-08 Детски отдел 5.50 120000708274 ДН 373.3.016/К 18 120000708274 2 2.81 Дост: DA Вид: А N: 1 Дата: 05.01.2007 Дата инв: 21.08.2015 Бележки инв: Д2015 Книги
Vip Innovations Ltd, Rousse, Bulgaria 2025